El camino desde la estructura: ensayos filosóficos, 1970-1993, con una entrevista autobiográfica

Salvato in:
Dettagli Bibliografici
Autore principale: Kuhn, Thomas Samuel (Autore)
Natura: Libro
Lingua:spagnolo
Pubblicazione: Barcelona Paidós Ibérica 2002
Serie:Paidós Básica, 114
Soggetti:
Tags: Aggiungi Tag
Nessun Tag, puoi essere il primo ad aggiungerne!!

MARC

LEADER 00000nam a2200000 a 4500
001 UCL2862
003 CL-VaPUC
008 031107e20020000SP |||||||||||||||||spa|d
020 |a 8449311817 
082 0 4 |a 501  |b KUH  |2 21 
100 |a Kuhn, Thomas Samuel   |e author  |9 304131 
245 1 3 |a El camino desde la estructura: ensayos filosóficos, 1970-1993, con una entrevista autobiográfica 
300 |a 384 p 
942 |c BK 
945 |d 20031107 00:00:00  |a cmena 
260 |a Barcelona  |b Paidós Ibérica  |c 2002 
650 0 |a Filosofía de las ciencias  |9 256466 
650 0 |a Teorías científicas  |9 316549 
650 0 |a Historia de las ciencias   |9 264975 
583 |a last modification  |c 20031107 00:00:00  |k Rodrigo Vera 
490 0 |a Paidós Básica, 114 
999 |c 306037  |d 306035 
952 |0 0  |1 0  |4 0  |6 501_000000000000000_KUH_2002  |7 0  |8 A  |9 370714  |a BIBEDU  |b BIBEDU  |d 2019-11-21  |i 3952223  |o 501 KUH 2002  |p 3952223  |r 2019-11-21  |w 2019-11-21  |y BK  |k LIT 
952 |0 0  |1 0  |4 0  |6 501_000000000000000_KUH_2002  |7 0  |8 A  |9 370715  |a BIBEDU  |b BIBEDU  |d 2019-11-21  |i 3966410  |o 501 KUH 2002  |p 3966410  |r 2019-11-21  |w 2019-11-21  |y BK  |k FIL